Medziročný vývoj dôchodkovej situácie v poľnohospodárstve sa zhoršil

Zložitá situácia v slovenskom poľnohospodárstve. Strata poľnohospodárskych subjektov. Porovnanie po krajoch. Príčiny zhoršovania poľnohospodárskych výsledkov. Platobná neschopnosť poľnohospodárskych podnikov. Zvyšovanie cien vstupov, pričom nákupné ceny poľnohospodárskych produktov sa takmer nemenia...

Ausführliche Beschreibung

Gespeichert in:
Bibliographische Detailangaben
1. Verfasser: Dobrucká, Lora
Format: Buchkapitel
Sprache:Slowakisch
Schlagworte:
Tags: Tag hinzufügen
Keine Tags, Fügen Sie das erste Tag hinzu!

MARC

LEADER 00000naa a2200000 4500
001 r035894
005 20230921103724.5
041 0 |a slo 
044 |a SK 
245 1 0 |a Medziročný vývoj dôchodkovej situácie v poľnohospodárstve sa zhoršil  |c Lora Dobrucká 
520 |a Zložitá situácia v slovenskom poľnohospodárstve. Strata poľnohospodárskych subjektov. Porovnanie po krajoch. Príčiny zhoršovania poľnohospodárskych výsledkov. Platobná neschopnosť poľnohospodárskych podnikov. Zvyšovanie cien vstupov, pričom nákupné ceny poľnohospodárskych produktov sa takmer nemenia. Znižovanie reálnej hodnoty dotácií. So ziskom vlani skončili iba samostatne hospodáriaci roľníci. 
610 2 0 |a poľnohospodárstvo 
610 2 0 |a výsledok hospodársky 
610 2 0 |a strata 
610 2 0 |a ceny 
610 2 0 |a dotácie 
610 2 0 |a zisk 
610 2 0 |a roľníci jednotlivo hospodáriaci 
610 2 0 |a družstvá poľnohospodárske 
100 1 |a Dobrucká, Lora